Kevin Bacon Filmography - Statistics

General Stats
  • This quiz has been taken 268 times
    59 since last reset
  • The average score is 16 of 171
Answer Stats
Type Year Name % Correct
Film 1984 Footloose
84%
Film 1992 A Few Good Men
58%
Commercial 2019 EE 5G: Stream Even When It's Busy
58%
Film 1980 Friday the 13th
47%
Film 1987 Planes, Trains and Automobiles
47%
Film 1990 Tremors
47%
TV Pilot 2018 Tremors
47%
Film 1995 Apollo 13
42%
Film 2000 Hollow Man
42%
Film 1990 Flatliners
37%
Film 2003 Mystic River
37%
Film 1988 She's Having a Baby
37%
Film 1996 Sleepers
37%
Film 1998 Wild Things
37%
Film 2011 X-Men: First Class
37%
TV Show 1991 Saturday Night Live
32%
Film 1982 Diner
26%
Film 1991 JFK
26%
Film 1978 National Lampoon's Animal House
26%
Film 1994 The River Wild
26%
Commercial 2013 EE
21%
Film 1995 Murder in the First
21%
Film 1999 Stir of Echoes
21%
Film 2004 The Woodsman
21%
Film 1995 Balto
16%
Film 2011 Crazy, Stupid, Love.
16%
Film 1988 Criminal Law
16%
Film 2008 Frost/Nixon
16%
Web Special 2022 Guardians of the Galaxy: Holiday Special
16%
Film 1980 Hero at Large
16%
Film 1991 He Said, She Said
16%
Film 2023 Leave the World Behind
16%
Film 2016 Patriots Day
16%
Film 1991 Pyrates
16%
Film 1986 Quicksilver
16%
Film 1979 Starting Over
16%
Film 1994 The Air Up There
16%
Film 2024 Beverly Hills Cop: Axel F
11%
Film 2015 Black Mass
11%
Film 2015 Cop Car
11%
Film 2003 In the Cut
11%
Film 2012 Jayne Mansfield's Car
11%
Film 2024 MaXXXine
11%
TV Film 1984 Mister Roberts
11%
Film 1997 Picture Perfect
11%
Film 1991 Queens Logic
11%
TV Show 2011 Robot Chicken
11%
Web Mini-Series 2025 Sirens
11%
TV Film 2009 Taking Chance
11%
Film 1989 The Big Picture
11%
Director 2006-2009 The Closer
11%
Film 2016 The Darkness
11%
TV Film 1979 The Gift
11%
Film 2023 The Toxic Avenger
11%
Film 2022 They/Them
11%
Film 1987 White Water Summer
11%
TV Show 2002, 2006 Will & Grace
11%
Short Documentary 1991 A Little Vicious
5%
TV Show 2024 American Dad!
5%
TV Show 1986 American Playhouse
5%
Film 2005 Beauty Shop
5%
Short Film 2009 Beyond All Boundaries
5%
TV Show 2010 Bored to Death
5%
Film 2004 Cavedweller
5%
TV Show 2019-2022 City on a Hill
5%
TV Show 2016 Comedy Bang! Bang!
5%
Film 2007 Death Sentence
5%
Film 1997 Destination Anywhere
5%
Film 1998 Digging to China
5%
Film 2011 Elephant White
5%
Film 1987 End of the Line
5%
Film 1983 Enormous Changes at the Last Minute
5%
Film TBA Family Movie
5%
Film 1982 Forty Deuce
5%
TV Show 1994 Frasier
5%
TV Show 2000 God, the Devil and Bob
5%
TV Show 1980-1981 Guiding Light
5%
TV Show 2016-2017 I Love Dick
5%
TV Special 2015 Imagine: John Lennon 75th Birthday Concert
5%
Short Film 2003 Imagine New York
5%
TV Special 2019 Live in Front of a Studio Audience
5%
Director 1996 Losing Chase
5%
Film 2005 Loverboy
5%
Film 2000 My Dog Skip
5%
Film 2009 My One and Only
5%
Short Film 2004 Natural Disasters: Forces of Nature
5%
Short Film 1994 New York Skyride
5%
Short Documentary 2018 New York Stories with Joe Pascal: The Bacon Brothers
5%
Film 2001 Novocaine
5%
Film 2022 One Way
5%
Film 1981 Only When I Laugh
5%
Film 2007 Rails & Ties
5%
Theater 2015 Rear Window
5%
TV Show 2023 RuPaul's Drag Race
5%
Short Film 2007 Saving Angelo
5%
TV Show 1979 Search for Tomorrow
5%
Documentary 2013 Skum Rocks!
5%
TV Show 2019 SMILF
5%
Film 2022 Space Oddity
5%
TV Film 2017 Story of a Girl
5%
Film 2010 Super
5%
Film 1997 Telling Lies in America
5%
Film 2007 The Air I Breathe
5%
Film 2025 The Best You Can
5%
Web Series 2025 The Bondsman
5%
TV Film 1983 The Demon Murder Case
5%
TV Show 2013-2015 The Following
5%
TV Documentary 2009 The Human Family Tree
5%
TV Film 2009 The Magic 7
5%
Short Film 2009 These Vagabond Shoes
5%
TV Film 2017 Tour de Pharmacy
5%
Film 2002 Trapped
5%
Commercial 2002 VISA Check Card
5%
Film 2000 We Married Margo
5%
Film 2005 Where the Truth Lies
5%
Film 2020 You Should Have Left
5%
TV Film 2012 8
0%
Theater 1980-1981 Album
0%
Documentary Series 2006, 2007 America's Game: The Superbowl Champions
0%
Theater 2002 An Almost Holy Picture
0%
TV Show 2021 Ben & Jerry's Clash of the Cones
0%
Documentary Series 2002 Biography
0%
Commercial 2016 Britney Spears Catches Kevin Bacon Dancing: Apple Music UK Commercial
0%
Commercial 2012-2014 Buick
0%
Web Series 2022 Carpool Karaoke
0%
Documentary Mini-Series 2021 Clint Eastwood: A Cinematic Legacy
0%
Web Series 2024 Colin from Accounts
0%
Short Film 2017 Duck: A Film by Kevin Bacon
0%
Commercial 2024 EE TV
0%
Theater 1982 Flux
0%
Short Documentary 2004 Forces of Nature
0%
Short Film 2015 Free the Bacon
0%
Theater 1978, 1979-1980 Getting Out
0%
Music Video 2009 Guilty of the Crime
0%
Commercial 2007 Hanes Underwear
0%
Commercial 2012-2013 Hillshire Farm
0%
Commercial 2023 Hyundai
0%
TV Show 2025 Jeopardy!
0%
Short Documentary 2012 Kevin Bacon: Back to Alcatraz
0%
TV Show 1988 Lemon Sky
0%
Commercial 2010 Logitech Revue
0%
Theater 1986 Loot
0%
TV Show 1996 Mad About You
0%
Web Series 2021 No Activity
0%
Short Film 2022 North Star
0%
Commercial 2005 ONE Campaign
0%
TV Show 1994 Our Favorite Movies
0%
Short Film 2010 Philadelphia Chickens
0%
TV Special 2020 Play On: Celebrating the Power of Music to Make Change
0%
Theater 1982 Poor Little Lambs
0%
TV Show 2006 Queer Eye
0%
Theater 1988 Road
0%
Podcast 2023-2024 Six Degrees with Kevin Bacon
0%
Theater 1979, 1983 Slab Boys
0%
Theater 1992 Spike Heels
0%
Theater 1986-1987 The Author's Voice
0%
TV Show 2008 The Colbert Report
0%
Documentary Series 1998, 2003 The Greatest
0%
Short Film 2008 The Kevin Bacon Movie Club
0%
Film 1985 The Little Sister
0%
TV Show 2024 The Masked Singer
0%
Documentary TBA The Orson Bean Show
0%
TV Documentary 2013 The Presidents' Gatekeepers
0%
TV Documentary 2017 The Words That Built America
0%
Short Film 2014 Tough Day
0%
Documentary 2014 Turn It Up!
0%
Commercial 2021 Visible Wireless
0%
Music Video 1986 Voices of America: Hands Across America
0%
Short Film 2003 Where Are They Now?: A Delta Alumni Update
0%
Film 2022 Whistler Camp
0%
Commercial 2001 www.nycmiracle.com
0%
No matching quizzes found
Score Distribution
Percent of People with Each Score
Percentile by Number Answered
Your Score History
You have not taken this quiz since the last reset